Países africanos - Escriba la primera letra - Estadísticas

Estadísticas generales
  • Esta prueba ha sido intentada 181 veces
  • La puntuación promedio es 40 de 54
Respuestas en el mapa
Las respuestas están codificadas por una escala verde-roja en el mapa de la prueba según el % correcto abajo.
 
Estadísticas de respuestas
País % Correcto
Burundi
82%
Marruecos
80%
Rep. Dem. del Congo
80%
República del Congo
80%
Suazilandia
80%
Madagascar
79%
Malí
79%
Guinea-Bissau
78%
Sudáfrica
78%
Túnez
78%
Guinea Ecuatorial
77%
Mozambique
77%
Somalia
77%
Argelia
76%
Cabo Verde
76%
Egipto
76%
Gabón
76%
República Centroafricana
76%
Zambia
76%
Costa de Marfil
75%
Namibia
75%
Nigeria
75%
Senegal
75%
Tanzania
75%
Uganda
75%
Camerún
74%
Chad
74%
Comoras
74%
Ghana
74%
Guinea
74%
Liberia
74%
Libia
74%
Mauritania
74%
Níger
74%
Santo Tomé y Príncipe
74%
Seychelles
74%
Eritrea
73%
Gambia
73%
Sudán
73%
Togo
73%
Zimbabue
73%
Angola
72%
Kenia
72%
Sierra Leona
72%
Yibuti
72%
Burkina Faso
71%
Lesoto
71%
Mauricio
71%
Benín
70%
Ruanda
70%
Botsuana
68%
Etiopía
68%
Sudán del Sur
68%
Malaui
66%
No se encontraron pruebas coincidentes
Distribución de puntuación
Porcentaje de gente con cada puntuación
Porcentaje por número respondido
Historial de tus puntuaciones
No has intentado esta prueba.